Court of Appeal Civil Appeal No. 87 OF 2008 Kasirye, Byaruhanga & Co. Advocates Vs Mugerwa Pius Mugalaasi (Record no. 3370)
[ view plain ]
| 000 -LEADER | |
|---|---|
| fixed length control field | 00787nam a22001337a 4500 |
| 008 - FIXED-LENGTH DATA ELEMENTS--GENERAL INFORMATION | |
| fixed length control field | 110620t xxu||||| |||| 00| 0 eng d |
| 010 ## - LIBRARY OF CONGRESS CONTROL NUMBER | |
| LC control number | CACAF66 |
| 245 ## - TITLE STATEMENT | |
| Title | Court of Appeal Civil Appeal No. 87 OF 2008 Kasirye, Byaruhanga & Co. Advocates Vs Mugerwa Pius Mugalaasi |
| 260 ## - PUBLICATION, DISTRIBUTION, ETC. (IMPRINT) | |
| Date of publication, distribution, etc | 2008 |
| 500 ## - GENERAL NOTE | |
| General note | Coram: Hon. Justice A. Twinomujuni, JA<br/> Hon. Justice C.K. Byamugisha, JA<br/> Hon. Justice S.B.K. Kavuma, JA |
| 500 ## - GENERAL NOTE | |
| General note | Appeal from the orders of the High Court of Uganda at Kampala A. Singh Choudry, J dated 15th September 2008 in Misc. Appl. HCCS No. 244 of 2008 |
| Withdrawn status | Lost status | Source of classification or shelving scheme | Damaged status | Koha normalized classification for sorting | Not for loan | Location (home branch) | Sublocation or collection (holding branch) | Shelving location | Date acquired | Koha issues (times borrowed) | Koha full call number | Piece designation (barcode) | Koha date last seen | Price effective from | Koha item type |
|---|---|---|---|---|---|---|---|---|---|---|---|---|---|---|---|
| Dewey Decimal Classification | CACA_F_66 | Law Development Centre Main Library | Law Development Centre Main Library | Law Reports | 06/20/2011 | CACA F_66 | 87/2008/1 | 06/20/2011 | 06/20/2011 | Un Reported Cases | |||||
| Dewey Decimal Classification | CACA_F_66 | Law Development Centre Main Library | Law Development Centre Main Library | Law Reports | 06/20/2011 | CACA F_66 | 87/2008/2 | 06/20/2011 | 06/20/2011 | Un Reported Cases |
